| 000 | 00695nam a2200229 a 4500 | ||
|---|---|---|---|
| 001 | BRCA_4416 | ||
| 005 | 20190320204650.0 | ||
| 008 | 170810s2006----mx-a######---#000-0#spa-# | ||
| 020 | _a970986307X | ||
| 041 | _aspa | ||
| 044 | _amx | ||
| 050 | 4 |
_aHD1471.Ch5 _b.Ch38 2006 |
|
| 100 | 1 |
_aChávez Barron, Héctor _911220 |
|
| 245 | 1 | 0 |
_aChihuahua al hilo de la historia _ctextos Héctor Chávez Barron. |
| 260 |
_aMéxico _bMéxico Desconocido _c2006 |
||
| 300 |
_a129 p. _bil. (algunas a color), fotografías _c26 cm. |
||
| 500 | _aColección Sonia Corcuera de Mancera | ||
| 504 | _aBibliografía: p. 129 | ||
| 651 | 4 |
_aChihuahua _xHistoria _zMéxico _911221 |
|
| 902 | _aDSC | ||
| 942 |
_2lcc _cB |
||
| 999 |
_c4125 _d4125 |
||